000 00255nam a2200085Ia 4500
245 0 _aDrawing for the absolute and utter beginner
100 _a GARCIA, Claire Watson New York, 2003
_989359
942 _cBK
008 210817s9999 xx 000 0 und d
999 _c359712
_d359712